000 00417nam a2200133Ia 4500
008 100328s9999 xx 000 0 und d
082 _b56467
100 _aकवठेकर दत्त रघुनाथ
245 _aआभाळाची सावली
260 _bमनोरमा
630 _aआभाळाची सावली
730 _aआभाळाची सावली
942 _cBOOK
999 _c543029
_d543026